Human development. Concepts and measurement.

Správa o rozvoji ľudstva (Human Development Report) za r. 1990 vypracovaná Rozvojovým programom OSN ako prvá v tejto sérii. Nový prístup k definícii rozvoja ľudstva. Intelektuálny pôvod koncepcie rozvoja ľudstva, koncepčná základňa. Tri základné dimenzie rozvoja ľudstva. Stanovenie indexu rozvoja ľu...

Descrizione completa

Salvato in:
Dettagli Bibliografici
Autore principale: Desai, M.
Natura: Capitolo di libro
Lingua:inglese
Soggetti:
Tags: Aggiungi Tag
Nessun Tag, puoi essere il primo ad aggiungerne!!

MARC

LEADER 00000naa a2200000 4500
001 r004356
005 20221130103118.7
041 0 |a eng 
044 |a NL 
245 1 0 |a Human development.  |b Concepts and measurement.  |c M. Desai 
520 |a Správa o rozvoji ľudstva (Human Development Report) za r. 1990 vypracovaná Rozvojovým programom OSN ako prvá v tejto sérii. Nový prístup k definícii rozvoja ľudstva. Intelektuálny pôvod koncepcie rozvoja ľudstva, koncepčná základňa. Tri základné dimenzie rozvoja ľudstva. Stanovenie indexu rozvoja ľudstva. 
610 2 0 |a civilizácia 
610 2 0 |a vývoj spoločenský 
610 2 0 |a OSN 
610 2 0 |a 1990 
610 2 0 |a indexy 
610 2 0 |a metódy matematicko-štatistické 
610 2 0 |a HDI 
610 2 0 |a index rozvoja ľudského 
100 1 |a Desai, M.